=LDR 00000nam 2200000 4500 =001 INLIS000000000029238 =005 20201014070939 =035 ##$$a 0010-061300000029238 =008 201014################g##########0#ind## =041 ##$$a ind =082 ##$$a 320.9 =090 ##$$a 320.9, FAT m =100 ##$$a Fatah, Eep Saefulloh =245 1#$$a Mencintai Indonesia dengan amal, releksi atas fase awal demokrasi, /$c Eep Saefulloh Fatah =260 ##$$a Jakarta :$b Republika,$c 2004 =300 ##$$a iii, 389 hlm ; $c 20 x 14 cm =650 #4$$a Demokrasi di Indonesia =850 ##$$a NBPNMAT =020 ##$$a 979-3210-29-X =084 ##$$a 320.9 FAT m =990 ##$$a 30708903 =990 ##$$a 30708902 =990 ##$$a 30708900 =990 ##$$a 30708901